00586nam a2200193Ia 450000500170000000800410001702000150005808200130007310000190008624500730010526000370017830000170021565000130023265000130024565000160025894200060027495200970028099900150037720250117013829.0240331s9999 xx 000 0 und d a8178241625 bPANa929 aPandian, M.S.S 0aBrahmin and non-Brahmin :bgenologies of the tamil political present aNew DelhibPermanent blackc2007 axi, 274 p ., aPolitics aColonial aGenealogies cL 001040708LaWERCLbWERCLcSSCd2024-03-31l0o 929.1 PANp6518r2024-03-31w2024-03-31yL c4424d4424